Sociologické aspekty bezpečnosti v postmodernej spoločnosti

Stručná sociologická charakteristika postmoderny a postmodernizmu. Vybrané otázky integrácie v podmienkach postmodernej situácie a ich bezpečnostné súvislosti. Náčrt vojensky organizovaných skupín v bezpečnostných zložkách na príklade Slovenska. Pôsobenie postmoderny na činnosť vojensky organizovaný...

Ausführliche Beschreibung

Gespeichert in:
Bibliographische Detailangaben
1. Verfasser: Škvrnda, František
Format: Buchkapitel
Sprache:Slowakisch
Schlagworte:
Tags: Tag hinzufügen
Keine Tags, Fügen Sie das erste Tag hinzu!

MARC

LEADER 00000naa$a2200000$$$4500
001 0117104
005 20240610132112.3
041 0 |a slo 
044 |a PL 
245 1 0 |a Sociologické aspekty bezpečnosti v postmodernej spoločnosti  |c František Škvrnda 
520 |a Stručná sociologická charakteristika postmoderny a postmodernizmu. Vybrané otázky integrácie v podmienkach postmodernej situácie a ich bezpečnostné súvislosti. Náčrt vojensky organizovaných skupín v bezpečnostných zložkách na príklade Slovenska. Pôsobenie postmoderny na činnosť vojensky organizovaných skupín v bezpečnostných zložkách. 
610 2 0 |a bezpečnosť 
610 2 0 |a sily ozbrojené 
610 2 0 |a polícia 
610 2 0 |a služby informačné 
610 2 0 |a systémy bezpečnostné 
610 2 0 |a spoločnosť 
610 2 0 |a postmodernizmus 
100 1 |a Škvrnda, František